00349nam a22001097a 4500082001200000100001800012245008900030260003700119300001900156650003700175700002700212 a620.005 aBashir, Nasir aJob Shop Scheduling of Aero Structures in Public Sector Organization /cNasir Bashir aIslamabad :bCEME - NUST,c2013. a46 p. ;c30cm. aengineering Management-MS-Thesis aDr. Akhtar Nawaz Malik